<?xml version="1.0" encoding="UTF-8"?>
<record
    xmlns:xsi="http://www.w3.org/2001/XMLSchema-instance"
    xsi:schemaLocation="http://www.loc.gov/MARC21/slim http://www.loc.gov/standards/marcxml/schema/MARC21slim.xsd"
    xmlns="http://www.loc.gov/MARC21/slim">

  <leader>00467nam a2200169Ia 4500</leader>
  <controlfield tag="008">230720s9999    xx            000 0 und d</controlfield>
  <datafield tag="020" ind1=" " ind2=" ">
    <subfield code="a">9789352136049</subfield>
  </datafield>
  <datafield tag="041" ind1=" " ind2=" ">
    <subfield code="a">eng</subfield>
  </datafield>
  <datafield tag="082" ind1=" " ind2=" ">
    <subfield code="a">006.32</subfield>
    <subfield code="b">PAT</subfield>
  </datafield>
  <datafield tag="100" ind1=" " ind2=" ">
    <subfield code="a">Patterson J.</subfield>
    <subfield code="9">114454</subfield>
  </datafield>
  <datafield tag="245" ind1=" " ind2=" ">
    <subfield code="a">Deep Learning</subfield>
    <subfield code="b">A Practitioner's Approach</subfield>
  </datafield>
  <datafield tag="260" ind1=" " ind2=" ">
    <subfield code="c">2017</subfield>
    <subfield code="b">SPD/O'Reilly</subfield>
  </datafield>
  <datafield tag="300" ind1=" " ind2=" ">
    <subfield code="a">507</subfield>
  </datafield>
  <datafield tag="365" ind1=" " ind2=" ">
    <subfield code="c">Rs.</subfield>
    <subfield code="b">2050</subfield>
  </datafield>
  <datafield tag="700" ind1=" " ind2=" ">
    <subfield code="a">Patterson J. &amp; Gibson A.</subfield>
  </datafield>
  <datafield tag="906" ind1=" " ind2=" ">
    <subfield code="d">O:0793111-Mar-2023B:29508-Mar-2023</subfield>
    <subfield code="c">TE</subfield>
    <subfield code="b">1537.5</subfield>
  </datafield>
  <datafield tag="999" ind1=" " ind2=" ">
    <subfield code="c">355205</subfield>
    <subfield code="d">355205</subfield>
  </datafield>
  <datafield tag="952" ind1=" " ind2=" ">
    <subfield code="0">0</subfield>
    <subfield code="1">0</subfield>
    <subfield code="4">0</subfield>
    <subfield code="7">0</subfield>
    <subfield code="a">CCEP</subfield>
    <subfield code="b">CCEP</subfield>
    <subfield code="d">2023-03-11</subfield>
    <subfield code="e">Om Book Stall</subfield>
    <subfield code="f">TE</subfield>
    <subfield code="g">4612.50</subfield>
    <subfield code="i">295</subfield>
    <subfield code="l">9</subfield>
    <subfield code="o">006.32</subfield>
    <subfield code="p">CCEP-BK-64914</subfield>
    <subfield code="r">2025-08-04 00:00:00</subfield>
    <subfield code="s">2025-07-21</subfield>
    <subfield code="t">1537.5</subfield>
    <subfield code="v">2050.00</subfield>
    <subfield code="w">2023-03-08</subfield>
    <subfield code="y">BK</subfield>
    <subfield code="z">064914</subfield>
  </datafield>
</record>
